000 00951nam a22003017a 4500
003 CHAP
005 20220329134724.0
008 971013s1982 r 00010 d
010 _a24816
011 _a25788
035 _a29888
040 _cCHAP
082 _a635.64
_bI56
110 _aInstituto de Investigación Agropecuaria de Panamá
_959152
245 _aTomate (Lycopersicon esculentum)
260 _aPanamá :
_bInstituto de Investigación Agropecuaria de Panamá,
_c1982
300 _a41 h
490 _aBibliografía
_v; 3
590 _aBATCH-UPD
_b10
_c20130110
_lUCH01
_h2144
590 _aBATCH-UPD
_b10
_c20130410
_lUCH01
_h1453
590 _aBATCH-UPD
_b10
_c20130914
_lUCH01
_h2048
590 _aCONVERSION
_b10
_c20130109
_lUCH01
_h1314
650 1 4 _aTomate
_xBibliografía.
_9113691
830 _aBibliografía
_v; 3
_912195
901 _aBK
942 _cLIBRO
949 _a635.64 I56
_bBC
_cC
_d33724000650289
_eC
_h63048
_i29888
_mD
_si
999 _c24816
_d24816